| 000 | 00726nam a2200229Ia 4500 | ||
|---|---|---|---|
| 001 | 21763 | ||
| 005 | 20260407135330.0 | ||
| 008 | 260320s9999||||xx |||||||||||||| ||und|| | ||
| 020 | _a9786079250997 | ||
| 041 | _aESP | ||
| 082 |
_a541.3 _bB91 |
||
| 100 |
_aBulbulián Garabedián, Ohannes, _eAUT |
||
| 245 | 0 | _aQuímica aplicada para ingenieros civiles | |
| 250 | _aPrimera edición | ||
| 260 |
_aCd. de México : _bDe La Salle Ediciones, _c2015 |
||
| 300 |
_a207 páginas : _bilustraciones, tablas ; _c23 cm. |
||
| 650 | _aTCA | ||
| 653 | _aQuímica | ||
| 654 | _aCIC | ||
| 856 |
_uhttps://ebooks7-24-com.ucsp.lookproxy.com/stage.aspx?il=&pg=&ed= _zVéase además: Base de datos Ebook7-24 |
||
| 942 |
_cLIB _dJUS _fMAT _2ddc |
||
| 999 |
_c21763 _d21763 |
||